[Event "DEM U10 2023"]
[Site "Willingen GER"]
[Date "2023.05.31"]
[Round "7"]
[White "Bremermann, Jakow"]
[Black "Schmidt, Jossip"]
[Result "0-1"]
[Termination "normal"]
[Board "27"]
[WhiteElo "787"]
[BlackElo "1276"]
[WhiteClock "00:55:04"]
[BlackClock "01:00:56"]
[PlyCount "86"]
[WhiteFideId "34660160"]
[BlackFideId "34621148"]
[EventCountry "GER"]
[EventRounds "11"]
[EventType "swiss"]
[EventDate "2023.05.27"]

1. e4 {[%clk 01:15:57]} {[%emt 00:00:02]} c5 {[%clk 01:15:29]} {[%emt
00:00:30]} 2. d4 {[%clk 01:16:19]} {[%emt 00:00:09]} cxd4 {[%clk 01:15:28]}
{[%emt 00:00:32]} 3. c3 {[%clk 01:16:42]} {[%emt 00:00:07]} dxc3 {[%clk
01:14:50]} {[%emt 00:01:08]} 4. Nxc3 {[%clk 01:17:04]} {[%emt 00:00:08]} e6
{[%clk 01:14:31]} {[%emt 00:00:49]} 5. Bc4 {[%clk 01:17:09]} {[%emt 00:00:25]}
a6 {[%clk 01:13:54]} {[%emt 00:01:07]} 6. a4 {[%clk 01:17:03]} {[%emt
00:00:35]} d6 {[%clk 01:13:31]} {[%emt 00:00:54]} 7. Nf3 {[%clk 01:16:55]}
{[%emt 00:00:38]} Be7 {[%clk 01:10:57]} {[%emt 00:03:03]} 8. O-O {[%clk
01:13:48]} {[%emt 00:03:37]} Nf6 {[%clk 01:10:23]} {[%emt 00:01:05]} 9. Be3
{[%clk 01:11:43]} {[%emt 00:02:36]} O-O {[%clk 01:08:28]} {[%emt 00:02:24]} 10.
e5 {[%clk 01:09:48]} {[%emt 00:02:25]} dxe5 {[%clk 01:08:34]} {[%emt 00:00:25]}
11. Qxd8 {[%clk 01:09:22]} {[%emt 00:00:55]} Bxd8 {[%clk 01:06:33]} {[%emt
00:02:31]} 12. Nxe5 {[%clk 01:09:14]} {[%emt 00:00:37]} Bc7 {[%clk 01:06:07]}
{[%emt 00:00:57]} 13. Bc5 {[%clk 01:08:49]} {[%emt 00:00:53]} Bxe5 {[%clk
01:05:22]} {[%emt 00:01:18]} 14. Bxf8 {[%clk 01:08:52]} {[%emt 00:00:27]} Kxf8
{[%clk 01:05:43]} {[%emt 00:00:09]} 15. Rad1 {[%clk 01:07:14]} {[%emt
00:02:07]} Bd7 {[%clk 01:03:00]} {[%emt 00:03:14]} 16. Rfe1 {[%clk 01:04:59]}
{[%emt 00:02:42]} Bxc3 {[%clk 01:02:25]} {[%emt 00:01:08]} 17. bxc3 {[%clk
01:03:29]} {[%emt 00:02:00]} Bxa4 {[%clk 01:02:39]} {[%emt 00:00:17]} 18. Ra1
{[%clk 01:02:26]} {[%emt 00:01:31]} Bc6 {[%clk 01:02:11]} {[%emt 00:00:58]} 19.
f3 {[%clk 01:02:01]} {[%emt 00:00:56]} Nd5 {[%clk 01:01:38]} {[%emt 00:01:03]}
20. Bxd5 {[%clk 01:02:02]} {[%emt 00:00:29]} Bxd5 {[%clk 01:01:15]} {[%emt
00:00:53]} 21. Rab1 {[%clk 00:58:42]} {[%emt 00:03:48]} b5 {[%clk 00:59:58]}
{[%emt 00:01:49]} 22. Kf2 {[%clk 00:57:11]} {[%emt 00:02:00]} Nd7 {[%clk
00:58:57]} {[%emt 00:01:32]} 23. g4 {[%clk 00:56:02]} {[%emt 00:01:38]} Nc5
{[%clk 00:58:38]} {[%emt 00:00:49]} 24. Re3 {[%clk 00:54:36]} {[%emt 00:01:49]}
Rc8 {[%clk 00:58:17]} {[%emt 00:00:58]} 25. Rc1 {[%clk 00:53:51]} {[%emt
00:00:56]} e5 {[%clk 00:57:32]} {[%emt 00:01:34]} 26. h4 {[%clk 00:52:38]}
{[%emt 00:01:43]} e4 {[%clk 00:57:15]} {[%emt 00:00:48]} 27. f4 {[%clk
00:52:41]} {[%emt 00:00:26]} Nd3+ {[%clk 00:57:34]} {[%emt 00:00:12]} 28. Rxd3
{[%clk 00:52:58]} {[%emt 00:00:12]} exd3 {[%clk 00:57:59]} {[%emt 00:00:05]}
29. Rd1 {[%clk 00:53:17]} {[%emt 00:00:10]} Rxc3 {[%clk 00:58:18]} {[%emt
00:00:12]} 30. Ke3 {[%clk 00:53:25]} {[%emt 00:00:19]} Bc4 {[%clk 00:58:23]}
{[%emt 00:00:29]} 31. Kd4 {[%clk 00:53:40]} {[%emt 00:00:14]} Rc2 {[%clk
00:58:38]} {[%emt 00:00:16]} 32. f5 {[%clk 00:53:38]} {[%emt 00:00:32]} b4
{[%clk 00:58:15]} {[%emt 00:00:53]} 33. g5 {[%clk 00:53:14]} {[%emt 00:00:54]}
b3 {[%clk 00:58:27]} {[%emt 00:00:18]} 34. h5 {[%clk 00:53:14]} {[%emt
00:00:29]} b2 {[%clk 00:58:47]} {[%emt 00:00:10]} 35. Rb1 {[%clk 00:53:32]}
{[%emt 00:00:11]} d2 {[%clk 00:59:09]} {[%emt 00:00:09]} 36. Kc5 {[%clk
00:53:32]} {[%emt 00:00:29]} Ba2+ {[%clk 00:59:28]} {[%emt 00:00:11]} 37. Kd6
{[%clk 00:54:09]} {[%emt 00:00:28]} Bxb1 {[%clk 01:00:13]} {[%emt 00:00:10]}
38. f6 {[%clk 00:54:14]} {[%emt 00:00:25]} gxf6 {[%clk 01:00:32]} {[%emt
00:00:11]} 39. gxf6 {[%clk 00:54:07]} {[%emt 00:00:36]} d1=Q+ {[%clk 01:00:28]}
{[%emt 00:00:35]} 40. Ke5 {[%clk 00:54:22]} {[%emt 00:00:14]} Re2+ {[%clk
01:00:35]} {[%emt 00:00:24]} 41. Kf4 {[%clk 00:54:43]} {[%emt 00:00:09]} Qf1+
{[%clk 01:00:48]} {[%emt 00:00:17]} 42. Kg5 {[%clk 00:54:55]} {[%emt 00:00:18]}
Rg2+ {[%clk 01:01:00]} {[%emt 00:00:18]} 43. Kh6 {[%clk 00:55:04]} {[%emt
00:00:19]} Qxf6# {[%clk 01:00:56]} {[%emt 00:00:06]} 0-1